000 00667nam a2200133Ia 4500
008 220620s9999||||xx |||||||||||||| ||und||
022 _a2366-1631
100 _aHilary Grayson||Hazel Griffin||Amanda Taylor||David Thomas||Oliver Stacey||Giulia De Lazzari||Emily Jones
245 4 _aThe Globalization of Science Curricula
546 _aEnglish[eng]
650 _aScience education||Globalization||Trends in International Mathematics and Science Survey||Policy borrowing||IEA Research for Education||TIMSS||Science curricula||Large scale international assessments||Curriculum reform
856 _uhttps://link.springer.com/book/10.1007/978-3-319-71532-2
942 _cEB
999 _c29503
_d29503